India (Record no. 36492)

MARC details
000 -LEADER
fixed length control field 00297nam a2200133Ia 4500
082 ## - DEWEY DECIMAL CLASSIFICATION NUMBER
Classification number 91(540)
Item number AMI
100 ## - MAIN ENTRY--AUTHOR NAME
Personal name Amita Malik, Walter
245 #0 - TITLE STATEMENT
Title India
260 ## - PUBLICATION, DISTRIBUTION, ETC. (IMPRINT)
Place of publication Hongkong
Name of publisher South China
650 ## - SUBJECT ADDED ENTRY--TOPICAL TERM
Topical Term India
700 ## - ADDED ENTRY--PERSONAL NAME
Personal name Imber
942 ## - ADDED ENTRY ELEMENTS (KOHA)
Koha item type Books
Holdings
Withdrawn status Lost status Damaged status Not for loan Home library Current library Date acquired Cost, normal purchase price Full call number Accession Number Koha item type
      Write off RRII Library RRII Library 16/12/2021 22.50 91(540) AMI 16898 Books